|
|
|
|
| LEADER |
00000nab a2200000 a 4500 |
| 001 |
vtls000483304 |
| 003 |
SK-MaSNL |
| 005 |
20260304231844.0 |
| 008 |
250424c1993 xo 0 slo |
| 015 |
|
|
|a SNBRB19rr/mm-uuuuu
|
| 035 |
|
|
|a CL0483439
|
| 035 |
|
|
|a urn:nbn:sk:snk-ab6mkc
|
| 035 |
|
|
|a (uuid)658d9f99-5ae1-4fd1-b092-e5f65433cb05
|
| 035 |
|
|
|a (urnnbn)urn:nbn:sk:snk:ar-005hr1
|
| 035 |
|
|
|a (sysno)vtls000483304
|
| 040 |
|
|
|a SNKBUCL
|b slo
|c SNKBUCL
|e AACR2
|
| 041 |
0 |
|
|a cze
|
| 044 |
|
|
|a xo
|c SK
|
| 080 |
|
|
|a 616-053.9:362.65
|2 1981
|
| 080 |
|
|
|a 362.65
|2 1981
|
| 100 |
1 |
|
|a Vožehová, Sylvie,
|d 1947-
|4 aut
|9 822371
|
| 245 |
1 |
0 |
|a Spotřeba zdravotní péče u osob vyššího věku
|c S. Vožehová, H. Zavázalová, V. Zaremba
|
| 300 |
|
|
|b Tab. 6, res. angl., nem., rus., lit. 11 zázn. v angl., češ., slov.
|
| 650 |
0 |
7 |
|a geriatria
|2 snkbucl
|9 903
|
| 650 |
0 |
7 |
|a zdravotná starostlivosť
|2 snkbucl
|9 1303
|
| 655 |
|
7 |
|a články z novín a časopisov
|2 snkbucl
|9 267496
|
| 700 |
1 |
|
|a Zavázalová, Helena,
|d 1943-2013
|4 aut
|9 822370
|
| 700 |
1 |
|
|a Zaremba, Vladimír,
|d 1930-
|4 aut
|9 215506
|
| 773 |
0 |
|
|t Lekársky obzor
|g Roč. 42, č. 4 (1993), s. 171-176
|
| 850 |
|
|
|a Slovenská národná knižnica
|
| 852 |
|
|
|a Slovenská národná knižnica
|
| 954 |
|
|
|a odborná, vedecká literatúra cudzojazyčná (svetová)
|2 lita
|
| 958 |
|
|
|a article2022
|
| 958 |
|
|
|a OND
|
| 958 |
|
|
|a NB
|
| 958 |
|
|
|a RK
|
| 958 |
|
|
|a MI
|
| 958 |
|
|
|a EUIPO
|
| 992 |
|
|
|a RBX
|
| 999 |
|
|
|c 3190821
|d 3192751
|